| 000 | 00472nam a2200145Ia 4500 | ||
|---|---|---|---|
| 003 | GCL | ||
| 008 | 140319s9999 xx 000 0 ara d | ||
| 040 |
_aGCL / _cGCL |
||
| 082 | 0 | 4 |
_a811.82 _bص ل |
| 100 | 1 | _aالصفدى ,صلاح الدين ابوالصفا خل | |
| 245 | 1 | 0 |
_aلوعة الشاكى ودمعة الباكى / _cالصفدى ,صلاح الدين ابوالصفا خل |
| 700 | 1 | _aعبدالملك احمد الوادعى | |
| 300 | _a95 ص | ||
| 490 | _a | ||
| 999 |
_c37839 _d37839 |
||